banner-ar

THE FUTURE OF THE SPACE INDUSTRY: PRIVATE ENTERPRISE AND PUBLIC POLICY / (Record no. 13184)

MARC details
000 -الفاتح
حقل البيانات ثابتة الطول 00553nam a2200193Ia 4500
008 - عناصر البيانات ثابتة الطول - معلومات عامة
حقل البيانات ثابتة الطول 140319s9999 xx 000 0 eng d
040 ## - مصدر الفهرسة
وكالة الفهرسة الأصلية GCL /
وكالة النسخ GCL
082 04 - رقم تصنيف ديوى العشرى
رقم التصنيف 338.0919
رقم المادة H F
100 1# - المدخل الرئيسى - إسم شخصى
الإسم الشخصى HANDBERG, ROGER
245 10 - بيان العنوان
العنوان THE FUTURE OF THE SPACE INDUSTRY: PRIVATE ENTERPRISE AND PUBLIC POLICY /
بيان المسئوليه,etc HANDBERG, ROGER
700 1# - المدخل الاضافى - اسم شخصى
الإسم الشخصى WEBB, DAVID C
260 ## - PUBLICATION, DISTRIBUTION, ETC. (IMPRINT)
تاريخ النشر أو التوزيع 1995
300 ## - الوصف المادى
التعداد 169 P
650 04 - المدخل الاضافى بالموضوع-مصطلح موضوعى
مصطلح موضوعي SPACE INDUSTRIALIZATION
650 04 - المدخل الاضافى بالموضوع-مصطلح موضوعى
مصطلح موضوعي AEROSPACE INDUSTRY
650 04 - المدخل الاضافى بالموضوع-مصطلح موضوعى
مصطلح موضوعي UNITED STATES
942 ## - عناصر المدخل الإضافي( كوها)
مصدر التصنيف او مخطط الترفيف Dewey Decimal Classification
Koha [default] item type كتاب
260 ## - PUBLICATION, DISTRIBUTION, ETC. (IMPRINT)
-- [S.N] :
-- ROGER HANDBERG ،
Holdings
حالة التراجع حالة الفقد حالة تلف ليس للاعارة المكان المؤقت الموقع الحالى تاريخ الاكتساب اجمالي اﻻعارات رقم الطلب الباركود تاريخ اخر مشاهدة تاريخ تفعيل السعر نوع وعاء كوها
        مكتبة القاهرة الكبرى مكتبة القاهرة الكبرى 03/26/2014   338.0919\H F 25382 03/26/2014 03/26/2014 كتاب

Powered By

EGPV